Detekcia phishingových URL adries pomocou strojového učenia

Salvato in:
Dettagli Bibliografici
Autore principale: Kolenič, Mário (Autore)
Altri autori: Helebrandt, Pavol (Relatore della tesi)
Natura: Manoscritto Libro
Lingua:slovacco
Pubblicazione: 2025
Soggetti:
Accesso online:http://is.stuba.sk/zp/portal_zp.pl?podrobnosti=183592
Tags: Aggiungi Tag
Nessun Tag, puoi essere il primo ad aggiungerne!!

MARC

LEADER 00000ntm a22000003a 4500
001 stuzp105831
003 SK-STU
005 20250607211749.2
007 ta
008 150427s2015----xo-----f-mn---000-0-slo-d
040 |a STU  |b slo 
041 0 |a slo 
100 1 |a Kolenič, Mário  |u 070400  |4 aut  |U FIIT Fakulta informatiky a informačných technológií  |T FIIT Ústav počítačového inžinierstva a aplikovanej informatiky  |X 110821  |U I400  |Y 672  |7 110821 
242 0 1 |a Phising URL detection using machine learning  |y eng 
245 1 0 |a Detekcia phishingových URL adries pomocou strojového učenia 
260 |c 2025 
650 4 |a Deep learning  |2 eng 
650 4 |a Machine learning  |2 eng 
650 4 |a Phishing  |2 eng 
650 4 |a Classification  |2 eng 
650 4 |a Strojové učenie  |2 slo 
650 4 |a Phishing  |2 slo 
650 4 |a Klasifikácia  |2 slo 
650 4 |a Hlboké učenie  |2 slo 
700 1 |a Helebrandt, Pavol  |u 070400  |k Z1  |4 ths  |U FIIT Fakulta informatiky a informačných technológií  |T FIIT Ústav počítačového inžinierstva a aplikovanej informatiky  |X 35267  |U I400  |Y 672  |7 35267 
856 4 |u http://is.stuba.sk/zp/portal_zp.pl?podrobnosti=183592